<?xml version="1.0" encoding="UTF-8"?>
<record
    xmlns:xsi="http://www.w3.org/2001/XMLSchema-instance"
    xsi:schemaLocation="http://www.loc.gov/MARC21/slim http://www.loc.gov/standards/marcxml/schema/MARC21slim.xsd"
    xmlns="http://www.loc.gov/MARC21/slim">

  <leader>02059nam a22002177a 4500</leader>
  <controlfield tag="003">OSt</controlfield>
  <controlfield tag="005">20220609093944.0</controlfield>
  <controlfield tag="008">220609b           ||||| |||| 00| 0 spa d</controlfield>
  <datafield tag="020" ind1=" " ind2=" ">
    <subfield code="a">9789585118768</subfield>
  </datafield>
  <datafield tag="040" ind1=" " ind2=" ">
    <subfield code="c">CO*-MqBPB</subfield>
  </datafield>
  <datafield tag="082" ind1=" " ind2=" ">
    <subfield code="a">701.18</subfield>
    <subfield code="b">G17d</subfield>
  </datafield>
  <datafield tag="100" ind1=" " ind2=" ">
    <subfield code="a">Garcia Marquez, Gabriel.</subfield>
    <subfield code="d">1927-2014</subfield>
  </datafield>
  <datafield tag="245" ind1=" " ind2=" ">
    <subfield code="a">Dos soledades/</subfield>
    <subfield code="b">Un di&#xE1;logo sobre la novela en Am&#xE9;rica Latina.</subfield>
    <subfield code="c">Gabriel Garcia Marquez</subfield>
  </datafield>
  <datafield tag="264" ind1=" " ind2=" ">
    <subfield code="a">Bogot&#xE1;:</subfield>
    <subfield code="b">Penguin Random House:</subfield>
    <subfield code="c">2021</subfield>
  </datafield>
  <datafield tag="300" ind1=" " ind2=" ">
    <subfield code="a">168 pag.</subfield>
    <subfield code="b">Tapa R&#xFA;stica.</subfield>
    <subfield code="c">24 cm.</subfield>
  </datafield>
  <datafield tag="490" ind1=" " ind2=" ">
    <subfield code="a">Narrativa Hisp&#xE1;nica</subfield>
  </datafield>
  <datafield tag="500" ind1=" " ind2=" ">
    <subfield code="a">DOS SOLEDADES: UN DI&#xC1;LOGO SOBRE LA NOVELA EN AM&#xC9;RICA LATINA
En septiembre de 1967, unos j&#xF3;venes Gabriel Garc&#xED;a M&#xE1;rquez y Mario Vargas Llosa se reunieron en Lima para hablar de literatura latinoamericana. El primero hab&#xED;a vendido ya miles de ejemplares de Cien a&#xF1;os de soledad. El segundo acababa de ganar el Premio R&#xF3;mulo Gallegos por La casa verde. Hoy ambos son considerados universalmente dos de los m&#xE1;ximos exponentes de la literatura en espa&#xF1;ol, pero por aquel entonces eran dos j&#xF3;venes que estaban empezando su carrera como novelistas. En Dos soledades se sit&#xFA;an frente a frente dos escritores, dos genios literarios, dos maneras diferentes de entender la literatura, dos temperamentos en cierto modo contradictorios, dos formas distintas de narrar. Son los tiempos en que el boom se est&#xE1; gestando, en los que todav&#xED;a no se ha acu&#xF1;ado nombre para lo que hoy conocemos como &#xAB;realismo m&#xE1;gico&#xBB;. En estas p&#xE1;ginas apasionantes, el lector asiste a una conversaci&#xF3;n sin igual. La edici&#xF3;n incorpora textos de Juan Gabriel V&#xE1;squez, Luis Rodr&#xED;guez Pastor, Jos&#xE9; Miguel Oviedo, Abelardo Oquendo, Abelardo S&#xE1;nchez Le&#xF3;n y Ricardo Gonz&#xE1;lez Vigil, quienes rememoran, la mayor&#xED;a en calidad de testigos, aquel di&#xE1;logo; y, adem&#xE1;s, dos entrevistas al escritor colombiano, una selecci&#xF3;n fotogr&#xE1;fica, y la valoraci&#xF3;n que hace hoy Vargas Llosa de la vida y obra de Garc&#xED;a M&#xE1;rquez.</subfield>
  </datafield>
  <datafield tag="650" ind1=" " ind2=" ">
    <subfield code="2">Narrativa</subfield>
    <subfield code="v">Hisp&#xE1;noamerica</subfield>
  </datafield>
  <datafield tag="700" ind1=" " ind2=" ">
    <subfield code="a">Mario Vargas LLosa</subfield>
    <subfield code="d">Autor</subfield>
  </datafield>
  <datafield tag="942" ind1=" " ind2=" ">
    <subfield code="2">ddc</subfield>
    <subfield code="c">BK</subfield>
  </datafield>
  <datafield tag="999" ind1=" " ind2=" ">
    <subfield code="c">14326</subfield>
    <subfield code="d">14326</subfield>
  </datafield>
  <datafield tag="952" ind1=" " ind2=" ">
    <subfield code="0">0</subfield>
    <subfield code="1">0</subfield>
    <subfield code="2">ddc</subfield>
    <subfield code="4">0</subfield>
    <subfield code="7">0</subfield>
    <subfield code="8">GEN</subfield>
    <subfield code="a">BPMOS</subfield>
    <subfield code="b">BPMOS</subfield>
    <subfield code="d">2022-06-09</subfield>
    <subfield code="e">COMPRA 2022</subfield>
    <subfield code="l">0</subfield>
    <subfield code="o">701.18 G17d</subfield>
    <subfield code="p">MOS502404</subfield>
    <subfield code="r">2022-06-09</subfield>
    <subfield code="t">ej 1</subfield>
    <subfield code="w">2022-06-09</subfield>
    <subfield code="y">BK</subfield>
    <subfield code="z">Ocho dias</subfield>
  </datafield>
  <datafield tag="952" ind1=" " ind2=" ">
    <subfield code="0">0</subfield>
    <subfield code="1">0</subfield>
    <subfield code="2">ddc</subfield>
    <subfield code="4">0</subfield>
    <subfield code="7">0</subfield>
    <subfield code="8">GEN</subfield>
    <subfield code="a">BPMOS</subfield>
    <subfield code="b">BPMOS</subfield>
    <subfield code="d">2022-06-09</subfield>
    <subfield code="e">COMPRA 2022</subfield>
    <subfield code="l">0</subfield>
    <subfield code="o">701.18 G17d</subfield>
    <subfield code="p">MOS502405</subfield>
    <subfield code="r">2022-06-09</subfield>
    <subfield code="t">ej 2</subfield>
    <subfield code="w">2022-06-09</subfield>
    <subfield code="y">BK</subfield>
    <subfield code="z">Ocho dias</subfield>
  </datafield>
</record>
